01282nam a22001937a 4500008004100000020001800041050001800059050001800077100002900095245009900124250001800223260003200241300002700273500010900300505057400409650002900983650004601012650003001058130319t20062012mx ||||| |||| 00| 0 spa d a9789682476648 4aH61 B737 200614aH61bB75 2006 aBriones, Gullermoeautor10aTeorías de las ciencias sociales y de la educaciónb: Epistemologíac/ Guillermo Briones a2a. edición3 aMéxicob: Trillasc, 2006 a198 páginasc; 23 cm aReimpresión 2012 Incluye índice onomástico (p. 183-185) Incluye índice analítico (p. 187-198)2 aBases filosóficas de las ciencias sociales Las grandes doctrinas filosóficas Otras escuelas filosóficas Construcción y fundamentación epistemológica de las ciencias sociales Las ciencias sociales como ciencias explicativas Las ciencias sociales como ciencias interpretativas Paradigmas y programas de investigación Los grandes paradigmas teóricos y metodológicos Integración de paradigmas Nuevas teorías de las ciencias sociales Teorías explicativas Teorías interpretativas Teorías de la educación El estado actual de la teoría social1 aCONOCIMIENTO, TEORIA DEL2 aCIENCIAS SOCIALES - ESTUDIO Y ENSEÑANZA2 aEDUCACIÓN - FILOSOFÍA